000 00746nam a22002297a 4500
003 OSt
005 20150207090738.0
008 130925t xxu||||| |||| 00| 0 eng d
020 _a9781405844154
050 _aQA 11.154
_b.Ex96t1 2009
245 _aExploring maths 1 :
_bteacher's book /
_cedited by Anita Straker.
260 _aGreat Britain, Scotprint :
_bPearson Longman,
_cc2009.
300 _aiv. 369 pages :
_bcolored illustrations ;
_c27 cm.
_e+ 1 CD ROM (3/4) inches.
500 _acolored
651 _aMeasurements
_xmathematics
_921573
651 _aEquations
_xmathematics
_921574
651 _aMathematical formulas
_xFormula
_xFormulae
_921575
942 _2lcc
_cBK
999 _c282547
_d282547